[Event "SUI-chT"]
[Site "Switzerland"]
[Date "2007.09.02"]
[Round "7.3"]
[White "Adler, Joel Arturo Manuel"]
[Black "Zenklusen, Rico"]
[Result "1/2-1/2"]
[WhiteElo "2289"]
[BlackElo "2393"]
[PlyCount "93"]
[EventDate "2007.02.25"]
[EventType "team-tourn"]
[EventRounds "9"]
[EventCountry "SUI"]
[SourceTitle "EXT 2008"]
[Source "ChessBase"]
[SourceDate "2007.11.25"]
[SourceVersion "1"]
[SourceVersionDate "2007.11.25"]
[SourceQuality "1"]
[WhiteTeam "Bern"]
[BlackTeam "Wollishofen"]
[WhiteTeamCountry "SUI"]
[BlackTeamCountry "SUI"]

1. d4 Nf6 2. Nf3 e6 3. c4 b6 4. e3 Bb7 5. Bd3 d5 6. 0-0 Be7 7. b3 0-0 8. Bb2 Nbd7 9. Nc3 c5 10. Qe2 cxd4 11. exd4 Rc8 12. Rad1 Qc7 13. Ne5 dxc4 14. bxc4 Rfe8 15. f4 Bf8 16. Qf2 Nc5 17. Qh4 Nxd3 18. Rxd3 Qd8 19. f5 Nd7 20. Qxd8 Rexd8 21. Nxf7 Kxf7 22. fxe6+ Kg8 23. Re3 Bb4 24. Rg3 Bd6 25. exd7 Rxd7 26. Re3 Bf8 27. Nb5 Rxc4 28. Re8 Rf7 29. Nd6 Rxf1+ 30. Kxf1 Bxg2+ 31. Kg1 Ra4 32. a3 Bc6 33. Rc8 Bd7 34. Rd8 Bc6 35. Kf2 Ra5 36. Rc8 Bd7 37. Rd8 Bc6 38. Rc8 Rd5 39. Nc4 Rf5+ 40. Ke3 Bd5 41. Ne5 Rh5 42. Bc3 Rh3+ 43. Kf4 Be6 44. Rc6 Bd5 45. Rc8 Be6 46. Rc6 Bd5 47. Rc8 1/2-1/2

[Event "SUI-chT"]
[Site "Switzerland"]
[Date "2007.09.01"]
[Round "6.4"]
[White "Adler, Joel Arturo Manuel"]
[Black "Sutter, Oliver"]
[Result "0-1"]
[WhiteElo "2289"]
[BlackElo "2417"]
[PlyCount "44"]
[EventDate "2007.02.25"]
[EventType "team-tourn"]
[EventRounds "9"]
[EventCountry "SUI"]
[SourceTitle "EXT 2008"]
[Source "ChessBase"]
[SourceDate "2007.11.25"]
[SourceVersion "1"]
[SourceVersionDate "2007.11.25"]
[SourceQuality "1"]
[WhiteTeam "Bern"]
[BlackTeam "Winterthur"]
[WhiteTeamCountry "SUI"]
[BlackTeamCountry "SUI"]

1. d4 Nf6 2. c4 e6 3. Nf3 d5 4. Nc3 dxc4 5. e4 Bb4 6. Bg5 c5 7. e5 cxd4 8. exf6 gxf6 9. Bh4 Nc6 10. Nxd4 Nxd4 11. Bxc4 Be7 12. 0-0 Nf5 13. Qh5 a6 14. Rad1 Qc7 15. Bb3 Nxh4 16. Qxh4 f5 17. Qh5 Qf4 18. Rd3 Qg4 19. Qh6 Bd7 20. Rg3 Qh4 21. Qc1 Bc6 22. Rh3 Qxh3 0-1